| 000 | 02032nam a22003137a 4500 | ||
|---|---|---|---|
| 005 | 20100710145234.0 | ||
| 008 | 100710t xxu||||| |||| 00| 0 eng d | ||
| 010 | _aENG-96385 B-431090-094 | ||
| 020 |
_a9788120340497 _c395.00 |
||
| 035 | _aEN-79918 B-431090-094 | ||
| 037 | _bDBAD / PUB | ||
| 037 | _bAllied Pub/Ven | ||
| 040 |
_aDPL _bEnglish |
||
| 082 | _a621.3822 | ||
| 100 |
_aUdayashankara, V. _928466 |
||
| 245 |
_aReal time digital signal processing : _cby Udayashankara V. _bfundamentals, algorithms and implementation using TMS processor / |
||
| 260 |
_aNew Delhi _bPHI Learning _c2010 |
||
| 270 |
_aM-97, Connaught Circus _bNew Delhi _e110001 |
||
| 300 |
_axxi,566 p. _c24 cm (pbk) |
||
| 500 | _aIncludes bibliographical references and index. | ||
| 942 |
_2ddc _cEN _mUDA _h621.3822 |
||
| 999 |
_c36887 _d36887 |
||